Die 15 größten Staaten allerzeiten - Statistiken

Allgemein
  • Dieses Quiz wurde 92 mal gespielt
  • Das Durchschnittsergebnis liegt bei 3 aus 15
Antwortstatistiken
Hint Antwort % Korrekt
4 sowjetunion
64%
12 usa
62%
2 mongolisches reich
45%
1 britisches reich
20%
15 kaiserreich brasilien
15%
3 russisches kaiserreich
13%
7 französisches kolonialreich
12%
6 spanisches kolonialreich
12%
14 japanisches kaiserreich
10%
11 portugiesisches Kolonialreich
7%
5 quing dynastie
2%
10 yuan dynastie
2%
8 kalifat der abbasiden
1%
9 kalifat der omajjaden
0%
13 xiongnureich
0%
Keine übereinstimmenden Quizze gefunden
Verteilung der Resultate
Anzahl Personen mit jedem Resultat
Perzentil nach korrekt beantworteten Fragen
Ihre Resultats-Entwicklung
Sie haben dieses Quiz noch nicht gespielt